Statistics for 35 most powerful nations in Eurasia

Click here to take the quiz!

General Stats

  • This quiz has been taken 364 times
    (239 since last reset)
  • The average score is 28 of 35

Answer Stats

Answer% Correct
Russia
99%
China
98%
India
96%
Japan
96%
France
95%
Germany
95%
United Kingdom
95%
Spain
94%
Pakistan
92%
South Korea
92%
Italy
91%
Iran
90%
Turkey
90%
Indonesia
89%
Saudi Arabia
89%
Sweden
88%
North Korea
84%
Poland
84%
Ukraine
83%
Israel
82%
Norway
82%
Vietnam
82%
Greece
81%
Thailand
80%
Netherlands
76%
Malaysia
75%
Denmark
72%
Taiwan
69%
Romania
68%
Switzerland
68%
Myanmar
57%
Syria
56%
Belarus
52%
Czech Republic
42%
Uzbekistan
34%

Score Distribution

Percentile by Number Answered

Percent of People with Each Score

Your Score History

You have not taken this quiz since the last reset